000 00541nam a2200205Ia 4500
003 OSt
005 20250311113805.0
008 210707s1982 xx 000 0 und d
040 _cAL
041 _aeng
082 _aK894.3 MIRN
100 _aMIRJI ANNARAYA
_9140373
_dಅಣ್ಣಾರಾಯ ಮಿರ್ಜಿ
245 _aNisarga.
_bನಿಸರ್ಗ
260 _aBengaluru
_bVishva Kannada Sammelana
_c1982
300 _aiv,374 p
365 _b4
_cINR
563 _aPB
650 _aKannada Fiction
_9140374
942 _2ddc
_cBK
999 _c180135
_d180135